Contemporary issues in applied economics
Αποθηκεύτηκε σε:
| Άλλοι συγγραφείς: | , |
|---|---|
| Μορφή: | Βιβλίο |
| Γλώσσα: | English |
| Δημοσίευση: |
Aldershot, Hants, England : Brookfield, Vt., USA :
E. Elgar,
c1991
|
| Θέματα: | |
| Ετικέτες: |
Προσθήκη ετικέτας
Δεν υπάρχουν, Καταχωρήστε ετικέτα πρώτοι!
|
MARC
| LEADER | 00000cam a2200000 i 4500 | ||
|---|---|---|---|
| 001 | 1/24372 | ||
| 008 | 950512s1991 eng d | ||
| 020 | |a 1852784040 ((pbk.)) |c Ή35.00 | ||
| 020 | |a 1852784059 |c Ή12.95 | ||
| 035 | |l 10022276 | ||
| 040 | |a GR-MY-UA |b gre |e aacr | ||
| 041 | 0 | |a eng | |
| 082 | 0 | |a 338.9 | |
| 245 | 1 | 0 | |a Contemporary issues in applied economics / |c edited by Graham Bird and Heather Bird |
| 260 | |a Aldershot, Hants, England : |a Brookfield, Vt., USA : |b E. Elgar, |c c1991 | ||
| 300 | |a xvi, 284 p.; |b ill.; |c 24 cm | ||
| 504 | |a Includes bibliographical references and index | ||
| 650 | 0 | 0 | |a Economic policy. |
| 650 | 0 | 0 | |a Economic history |y 1945- |
| 651 | 0 | |a Great Britain |x Economic policy |y 1945- | |
| 651 | 0 | |a Great Britain |x Economic conditions |y 1945- | |
| 700 | 1 | |a Bird, Graham R. | |
| 700 | 1 | |a Bird, Heather |d 1948- | |
| 852 | |a INST |b CHIOS |e 19950512 |h 338.9 CON |p 005200001873 |q 005200001873 |t BK |y 0 | ||
| 909 | |a Χ |b 031262 | ||